Statistics for Country and Capital Neighbour Connect with Disappearing World Map: Easternmost

Click here to take the quiz!

General Stats

  • This quiz has been taken 173 times
  • The average score is 266 of 392

Answers on the Map

Answers color-coded by a green-red scale on the quiz's map according to % correct below.
 

Answer Stats

HintHintCountry/Capital% Correct
802.8307.7Apia
99%
802.8307.7Samoa
94%
798.1328.7Nukuʻalofa
90%
798.1328.7Tonga
90%
21272Kiribati
85%
21272South Tarawa
85%
683342Australia
84%
638.6246.1Bandar Seri Begawan
84%
615140.9Beijing
84%
638.6246.1Brunei
84%
616219.1Cambodia
84%
683342Canberra
84%
615140.9China
84%
664.3290.8Dili
84%
664.3290.8East Timor
84%
717.7235.2Federated States of Micronesia
84%
782.9320.1Fiji
84%
804.5282.8Funafuti
84%
742.1295Honiara
84%
635.5264Indonesia
84%
635.5264Jakarta
84%
610.3247.2Kuala Lumpur
84%
760.6232.2Majuro
84%
610.3247.2Malaysia
84%
760.6232.2Marshall Islands
84%
756.2263.4Nauru
84%
776.7391.9New Zealand
84%
665.7127North Korea
84%
717.7235.2Palikir
84%
703.7282.4Papua New Guinea
84%
703.7282.4Port Moresby
84%
755.5318.6Port Vila
84%
665.7127Pyongyang
84%
57752Russia
84%
669139Seoul
84%
742.1295Solomon Islands
84%
669139South Korea
84%
782.9320.1Suva
84%
608207.9Thailand
84%
804.5282.8Tuvalu
84%
614.2104.1Ulaanbaatar
84%
755.5318.6Vanuatu
84%
624.3219.9Vietnam
84%
776.7391.9Wellington
84%
756.2263.4Yaren
84%
533100Astana
82%
608207.9Bangkok
82%
583181.8Bangladesh
82%
584.1169.4Bhutan
82%
548122Bishkek
82%
583181.8Dhaka
82%
624.3219.9Hanoi
82%
556185.9India
82%
535.7164.2Islamabad
82%
528149.2Kabul
82%
548122Kyrgyzstan
82%
610.3194.9Laos
82%
614.2104.1Mongolia
82%
597188.5Myanmar
82%
597188.5Naypyidaw
82%
556185.9New Delhi
82%
616219.1Phnom Penh
82%
545.2133.5Tajikistan
82%
525122.5Tashkent
82%
584.1169.4Thimphu
82%
610.3194.9Vientiane
82%
502182.5Abu Dhabi
79%
470234.2Addis Ababa
79%
528149.2Afghanistan
79%
462.3158.9Amman
79%
420301.2Angola
79%
480.5125Armenia
79%
513130.6Ashgabat
79%
466.3209.2Asmara
79%
487.6125Azerbaijan
79%
478.8149.9Baghdad
79%
487.6125Baku
79%
461.7146.8Beirut
79%
435336.1Botswana
79%
436.7107.1Bucharest
79%
437.8117.9Bulgaria
79%
447171.3Cairo
79%
444.4102Chișinău
79%
467143Damascus
79%
433267.2Democratic Republic of the Congo
79%
476.4221.6Djibouti
79%
476.4221.6Djibouti (cap)
79%
459.1282.5Dodoma
79%
495.7176.2Doha
79%
545.2133.5Dushanbe
79%
466.3209.2Eritrea
79%
470234.2Ethiopia
79%
435336.1Gaborone
79%
479120Georgia
79%
447325Harare
79%
501.3152.5Iran
79%
478.8149.9Iraq
79%
459157Israel
79%
459157Jerusalem
79%
462.3158.9Jordan
79%
449.6239.5Juba
79%
453.1256.6Kampala
79%
569.8166.5Kathmandu
79%
533100Kazakhstan
79%
465.8259.9Kenya
79%
448.5209.5Khartoum
79%
450.696Kiev
79%
487162.9Kuwait
79%
487162.9Kuwait City
79%
461.7146.8Lebanon
79%
444360.5Lesotho
79%
456307Lilongwe
79%
438310Lusaka
79%
456307Malawi
79%
467309.5Maputo
79%
444360.5Maseru
79%
451.3350.1Mbabane
79%
488230Mogadishu
79%
444.4102Moldova
79%
57752Moscow
79%
467309.5Mozambique
79%
509.33187.2Muscat
79%
465.8259.9Nairobi
79%
418328Namibia
79%
569.8166.5Nepal
79%
509.33187.2Oman
79%
535.7164.2Pakistan
79%
431365Pretoria
79%
495.7176.2Qatar
79%
482.1179.9Riyadh
79%
488.3208.2Sana'a
79%
482.1179.9Saudi Arabia
79%
488230Somalia
79%
431365South Africa
79%
451.3350.1Swaziland
79%
467143Syria
79%
459.1282.5Tanzania
79%
479120Tbilisi
79%
501.3152.5Tehran
79%
460.3130.6Turkey
79%
513130.6Turkmenistan
79%
453.1256.6Uganda
79%
450.696Ukraine
79%
502182.5United Arab Emirates
79%
525122.5Uzbekistan
79%
488.3208.2Yemen
79%
480.5125Yerevan
79%
438310Zambia
79%
447325Zimbabwe
79%
427.6239Central African Republic
76%
422.6209.4Chad
76%
447171.3Egypt
76%
419.3172.9Libya
76%
448.5209.5Sudan
76%
427.6239Bangui
75%
416.9260.5Brazzaville
75%
447.8272.6Bujumbura
75%
447.8272.6Burundi
75%
404255.8Equatorial Guinea
75%
406.5264Gabon
75%
447.8267.7Kigali
75%
433267.2Kinshasa
75%
406.5264Libreville
75%
420301.2Luanda
75%
404255.8Malabo
75%
416.9260.5Republic of the Congo
75%
447.8267.7Rwanda
75%
449.6239.5South Sudan
75%
419.3172.9Tripoli
75%
418328Windhoek
75%
398230.8Abuja
74%
384.2167.2Algiers
74%
407247Cameroon
74%
422.6209.4N'Djamena
74%
403.3203.9Niger
74%
398230.8Nigeria
74%
385.7225Porto-Novo
74%
401148Tunis
74%
401148Tunisia
74%
407247Yaoundé
74%
385.7225Benin
72%
403.3203.9Niamey
72%
378.2234.5Accra
71%
384.2167.2Algeria
71%
377202.2Bamako
71%
443.481.2Belarus
71%
40489.9Berlin
71%
377219Burkina Faso
71%
368235.9Cote d'Ivoire
71%
386105France
71%
378.2234.5Ghana
71%
383232.4Lomé
71%
377202.2Mali
71%
354195.5Mauritania
71%
443.481.2Minsk
71%
366153.5Morocco
71%
377219Ouagadougou
71%
372127.5Spain
71%
383232.4Togo
71%
434.376.3Vilnius
71%
423.687.1Warsaw
71%
368235.9Yamoussoukro
71%
425.5124Albania
69%
460.3130.6Ankara
69%
430129Athens
69%
427.6113Belgrade
69%
421113Bosnia and Herzegovina
69%
43964.8Estonia
69%
430129Greece
69%
424.4103.1Hungary
69%
427.5118.5Kosovo
69%
43870.6Latvia
69%
434.376.3Lithuania
69%
429.5121.7Macedonia
69%
423.7117.8Montenegro
69%
423.7117.8Podgorica
69%
423.687.1Poland
69%
427.5118.5Pristina
69%
43870.6Riga
69%
436.7107.1Romania
69%
421113Sarajevo
69%
427.6113Serbia
69%
429.5121.7Skopje
69%
42398Slovakia
69%
437.8117.9Sofia
69%
43964.8Tallinn
69%
425.5124Tirana
69%
414.2100.9Austria
68%
398.4103.5Bern
68%
42398Bratislava
68%
424.4103.1Budapest
68%
401.573.5Copenhagen
68%
418108Croatia
68%
41493.8Czech Republic
68%
401.573.5Denmark
68%
40489.9Germany
68%
416.4124.2Italy
68%
413106.5Ljubljana
68%
41493.8Prague
68%
416.4124.2Rome
68%
408.5113.9San Marino
68%
408.5113.9San Marino (cap)
68%
413106.5Slovenia
68%
398.4103.5Switzerland
68%
408.5120.7Vatican City
68%
408.5120.7Vatican City (cap)
68%
414.2100.9Vienna
68%
418108Zagreb
68%
39386.9Amsterdam
66%
384118.7Andorra
66%
384118.7Andorra la Vella
66%
39191Belgium
66%
347.7220.3Bissau
66%
39191Brussels
66%
353.3224.2Conakry
66%
347212Dakar
66%
354232.9Freetown
66%
344216Gambia
66%
353.3224.2Guinea
66%
347.7220.3Guinea-Bissau
66%
359.2239.6Liberia
66%
402103.1Liechtenstein
66%
394.394.2Luxembourg
66%
394.394.2Luxembourg (cap)
66%
372127.5Madrid
66%
397.2114.5Monaco
66%
397.2114.5Monaco (cap)
66%
359.2239.6Monrovia
66%
39386.9Netherlands
66%
354195.5Nouakchott
66%
386105Paris
66%
366153.5Rabat
66%
347212Senegal
66%
354232.9Sierra Leone
66%
402103.1Vaduz
66%
344216Banjul
65%
36382.5Dublin
65%
36382.5Ireland
65%
37786London
65%
37786United Kingdom
65%
361.7127.6Lisbon
63%
361.7127.6Portugal
63%
266294Brasília
59%
266294Brazil
59%
216.3247.5Bogotá
57%
236319Bolivia
57%
232235Caracas
57%
216.3247.5Colombia
57%
248242Georgetown
57%
248242Guyana
57%
254.4248.1Paramaribo
57%
208292Peru
57%
254.4248.1Suriname
57%
232235Venezuela
57%
248.9339.7Asunción
56%
248.9339.7Paraguay
56%
234373Buenos Aires
54%
254.9370.2Montevideo
54%
254.9370.2Uruguay
54%
234373Argentina
53%
14366Canada
53%
218384Chile
53%
192228Costa Rica
53%
204265.5Ecuador
53%
177.4210Guatemala
53%
184.5210.7Honduras
53%
236319La Paz
53%
208292Lima
53%
188.2218.1Managua
53%
151182Mexico
53%
151182Mexico City
53%
188.2218.1Nicaragua
53%
14366Ottawa
53%
198232.5Panama
53%
198232.5Panama City
53%
204265.5Quito
53%
192228San José
53%
218384Santiago
53%
184.5210.7Tegucigalpa
53%
153129United States
53%
153129Washington D.C.
53%
180.9203.6Belize
51%
180.9203.6Belmopan
51%
180.4215El Salvador
51%
177.4210Guatemala City
51%
180.4215San Salvador
51%
43752Finland
50%
43752Helsinki
50%
401.757Norway
50%
401.757Oslo
50%
414.360.5Stockholm
50%
414.360.5Sweden
50%
693.3140Japan
49%
545.9248.9Maldives
49%
545.9248.9Malé
49%
657220.6Manila
49%
510.1329.1Mauritius
49%
657220.6Philippines
49%
510.1329.1Port Louis
49%
614.2256.7Singapore
49%
614.2256.7Singapore (cap)
49%
562235.3Sri Jayawardenepura Kotte
49%
562235.3Sri Lanka
49%
652.9182.1Taipei
49%
652.9182.1Taiwan
49%
693.3140Tokyo
49%
680.5241.3Ngerulmud
47%
680.5241.3Palau
47%
505.5277Seychelles
47%
505.5277Victoria
47%
486324.3Antananarivo
44%
326.7206.9Cape Verde
44%
479.4301.4Comoros
44%
455.3143.7Cyprus
44%
486324.3Madagascar
44%
412.9141.1Malta
44%
455.3143.7Nicosia
44%
326.7206.9Praia
44%
395.5260.6São Tomé
44%
395.5260.6São Tomé and Príncipe
44%
412.9141.1Valletta
44%
494.3174Bahrain
43%
246.5217Barbados
43%
34143Iceland
43%
494.3174Manama
43%
479.4301.4Moroni
43%
34143Reykjavík
43%
246.5217Bridgetown
41%
243.2214.6Castries
38%
242.5226.6Port-of-Spain
38%
243.2214.6Saint Lucia
38%
242.5226.6Trinidad and Tobago
38%
241.6220.6Grenada
37%
241.6220.6Saint George's
37%
206190.2Cuba
35%
242.4209.5Dominica
35%
221197Dominican Republic
35%
218196Haiti
35%
206190.2Havana
35%
206200.2Jamaica
35%
218196Port-au-Prince
35%
242.4209.5Roseau
35%
221197Santo Domingo
35%
209180.9Bahamas
34%
206200.2Kingston
34%
242.7216.8Kingstown
34%
209180.9Nassau
34%
239.4203.4Saint Kitts and Nevis
34%
242.7216.8Saint Vincent and the Grenadines
34%
241.4204Antigua and Barbuda
32%
241.4204Saint John's
32%
239.4203.4Basseterre
31%

Score Distribution

Percentile by Number Answered

Percent of People with Each Score

Your Score History

You have not taken this quiz